A short history of the American people / (Record no. 27402)
[ view plain ]
| 000 -LEADER | |
|---|---|
| fixed length control field | 01112cam a2200301 4500 |
| 001 - CONTROL NUMBER | |
| control field | 27402 |
| 003 - CONTROL NUMBER IDENTIFIER | |
| rucl marc code | BD-RjUL |
| 005 - DATE AND TIME OF LATEST TRANSACTION | |
| control field | 20211209051142.0 |
| 008 - FIXED-LENGTH DATA ELEMENTS--GENERAL INFORMATION | |
| fixed length control field | 140325s1952 nyuac b 001 0 eng d |
| 035 ## - SYSTEM CONTROL NUMBER | |
| System control number | BD-RjUL)27475 |
| System control number | (BD-RjUL) |
| System control number | (NNC)1189942 |
| 040 ## - CATALOGING SOURCE | |
| Original cataloging agency | DLC |
| Transcribing agency | EEX |
| Modifying agency | EEX |
| -- | BD-RjUL |
| Language of cataloging | eng |
| 041 ## - LANGUAGE CODE | |
| Language code of text/sound track or separate title | eng |
| 082 04 - DEWEY DECIMAL CLASSIFICATION NUMBER | |
| Classification number | 973 |
| Author mark and year | OWS V-2 1952 |
| 100 1# - MAIN ENTRY--PERSONAL NAME | |
| Personal name | Owsley, Frank Lawrence, |
| Dates associated with a name | 1890-1956. |
| 9 (RLIN) | 84182 |
| 245 12 - TITLE STATEMENT | |
| Title | A short history of the American people / |
| Number of part/section of a work | volume 2: 1865-1952, |
| Statement of responsibility, etc. | by Frank Lawrence Owsley, Oliver Perry Chitwood, and H.C. Nixon. |
| 250 ## - EDITION STATEMENT | |
| Edition statement | 2d ed. |
| 260 ## - PUBLICATION, DISTRIBUTION, ETC. (IMPRINT) | |
| Place of publication, distribution, etc. | New York, |
| Name of publisher, distributor, etc. | Van Nostrand, |
| Date of publication, distribution, etc. | 1952. |
| 300 ## - PHYSICAL DESCRIPTION | |
| Pagination | xxi, 849 p. : |
| Illustrations | ill. ; |
| Size | 24 cm. |
| 500 ## - GENERAL NOTE | |
| General note | First ed. published in 1948 as v. 2 of A short history of the American people, by O.P. Chitwood, F.L. Owsley, and H.C. Nixon. |
| 504 ## - BIBLIOGRAPHY, ETC. NOTE | |
| Bibliography, etc | "Bibliographical notes": p. 757-792. and Index |
| 651 #0 - SUBJECT ADDED ENTRY--GEOGRAPHIC NAME | |
| Geographic name | United States |
| General subdivision | History. |
| 9 (RLIN) | 84183 |
| 700 1# - ADDED ENTRY--PERSONAL NAME | |
| Personal name | Chitwood, Oliver Perry, |
| Dates associated with a name | 1874-1971. |
| 942 ## - ADDED ENTRY ELEMENTS (KOHA) | |
| Source of classification or shelving scheme | Dewey Decimal Classification |
| Koha item type | Books |
| Lost status | Source of classification or shelving scheme | Damaged status | Not for loan | Collection code | Permanent Location | Current Location | Shelving location | Date acquired | Source of acquisition | Cost, normal purchase price | Total Checkouts | Full call number | Date last seen | Copy number | Koha item type |
|---|---|---|---|---|---|---|---|---|---|---|---|---|---|---|---|
| Dewey Decimal Classification | Added to bundle | Non-fiction | Central Library, University of Rajshahi | Central Library, University of Rajshahi | Reading Room | 12/09/1955 | B. H. Black Well | 3.00 | 973 OWS V-2 1952 | 25/03/2014 | C-1 | Books |